Państwa z najlepszymi siłami powietrznymi - Statystyki

Ogólne statystyki
  • Ten quiz został rozwiązany 4 642 razy
  • Średni wynik to 16 z 20
Statystyki odpowiedzi
Liczba samolotów Państwo % Poprawnych
13 209 Stany Zjednoczone
100%
4 255 Rosja
99%
3 304 Chiny
98%
972 Francja
96%
618 Niemcy
96%
664 Wielka Brytania
93%
1 459 Japonia
92%
2 296 Indie
91%
628 Brazylia
87%
1 576 Korea Południowa
86%
800 Włochy
86%
951 Korea Północna
78%
1 069 Turcja
77%
612 Izrael
74%
1 080 Egipt
71%
1 434 Pakistan
69%
914 Arabia Saudyjska
64%
632 Grecja
40%
750 Tajwan
40%
605 Algieria
33%
Nie znaleziono quizów pasujących do podanych kryteriów
Rozkład punktacji
Procent ludzi z każdym wynikiem
Percentyl według liczby udzielonych odpowiedzi
Twoja historia wyników
Nie rozwiązałeś tego quizu